000 00771nam a2200289Ia 4500
008 170203s9999 xx 000 0 und d
020 _a0 439550947
050 _a413
050 _bT974e 2004
100 _aTwist, Clint.
245 _aEndangered animals dictionary :
245 _ban A to Z of threatened species /
245 _cClint Twist.
260 _aNew York :
260 _bTangerine Press,
260 _c2004
300 _a64 pages :
300 _billustrations, color maps ;
300 _c31 cm.
500 _aIncludes index.
650 _aEndangered species --
650 _aEndangered species.
650 _aRare animals --
650 _aRare animals.
650 _xDictionaries, Juvenile.
650 _xDictionaries, Juvenile.
999 _c305668
_d305668